| 000 | 01450nam a2200361Ia 4500 | ||
|---|---|---|---|
| 001 | ebr10288475 | ||
| 003 | CaPaEBR | ||
| 006 | m u | ||
| 007 | cr cn||||||||| | ||
| 008 | 080808s2009 enk sb 001 0 eng d | ||
| 010 | _z 2008035278 | ||
| 020 | _z9780195377088 | ||
| 020 | _z0195377087 | ||
| 040 |
_aCaPaEBR _cCaPaEBR |
||
| 035 | _a(OCoLC)654777370 | ||
| 050 | 1 | 4 |
_aBP63.M27 _bL56 2009eb |
| 100 | 1 |
_aLiow, Joseph Chinyong, _d1972- |
|
| 245 | 1 | 0 |
_aPiety and politics _h[electronic resource] : _bIslamism in contemporary Malaysia / _cJoseph Chinyong Liow. |
| 260 |
_aOxford ; _aNew York : _bOxford University Press, _c2009. |
||
| 300 | _axix, 263 p. | ||
| 490 | 1 | _aReligion and global politics series | |
| 504 | _aIncludes bibliographical references (p. [247]-254) and index. | ||
| 533 |
_aElectronic reproduction. _bPalo Alto, Calif. : _cebrary, _d2009. _nAvailable via World Wide Web. _nAccess may be limited to ebrary affiliated libraries. |
||
| 610 | 2 | 0 | _aUnited Malays National Organisation. |
| 650 | 0 |
_aIslam and politics _zMalaysia. |
|
| 650 | 0 |
_aIslam and state _zMalaysia. |
|
| 650 | 0 |
_aIslamic fundamentalism _zMalaysia. |
|
| 651 | 0 |
_aMalaysia _xPolitics and government. |
|
| 655 | 7 |
_aElectronic books. _2local |
|
| 710 | 2 | _aebrary, Inc. | |
| 830 | 0 | _aReligion and global politics. | |
| 856 | 4 | 0 |
_uhttp://site.ebrary.com/lib/rucke/Doc?id=10288475 _zAn electronic book accessible through the World Wide Web; click to view |
| 999 |
_c470 _d470 |
||